The emergence of modern Afghanistan: politics of reform and modernization, 1880-1946 (Record no. 366905)

000 -LEADER
fixed length control field 00429cam a22001337a 4500
008 - FIXED-LENGTH DATA ELEMENTS--GENERAL INFORMATION
fixed length control field 180718b1969 xxu||||| |||| 00| 0 eng d
082 ## - DEWEY DECIMAL CLASSIFICATION NUMBER
Classification number A6x581 G862
100 ## - MAIN ENTRY--PERSONAL NAME
Personal name Gregorian, Vartan
245 ## - TITLE STATEMENT
Title The emergence of modern Afghanistan: politics of reform and modernization, 1880-1946
Statement of responsibility, etc. by Vartan Gregorian
260 ## - PUBLICATION, DISTRIBUTION, ETC.
Place of publication, distribution, etc. Stanford
Name of publisher, distributor, etc. Stanford Univ. Press
Date of publication, distribution, etc. 1969
300 ## - PHYSICAL DESCRIPTION
Extent 586p.
500 ## - GENERAL NOTE
General note $17.50
650 ## - SUBJECT ADDED ENTRY--TOPICAL TERM
Topical term or geographic name entry element Afghanisatna - Hstory
Holdings
Withdrawn status Lost status Damaged status Not for loan Permanent Location Current Location Date acquired Full call number Barcode Date last seen Price effective from Koha item type
        Indian Institute of Public Administration Indian Institute of Public Administration 1994-05-07 A6x581 G862 45030 2018-07-21 2018-07-21 Book

Powered by Koha